[Event "DVM U12 2018"]
[Site "Magdeburg GER"]
[Date "2018.12.29"]
[Round "6"]
[White "Zimanovic, Leon Daniel"]
[Black "Römer, Uri"]
[Result "1-0"]
[Termination "normal"]
[Board "4.4"]
[WhiteElo "1173"]
[BlackElo "1098"]
[WhiteClock "00:19:01"]
[BlackClock "01:00:51"]
[WhiteTeam "SC Ostfildern"]
[BlackTeam "SF Brackel"]
[PlyCount "163"]
[WhiteFideId "16275063"]
[BlackFideId "16275039"]
[EventCountry "GER"]
[EventRounds "7"]
[EventType "team-swiss"]
[EventDate "2018.12.26"]

1. e4 {[%clk 1:30:47]} e5 {[%clk 1:30:55]} 2. Nc3 {[%clk 1:30:46]} Nc6 {[%clk
1:31:14]} 3. Nf3 {[%clk 1:30:48]} Nf6 {[%clk 1:31:27]} 4. Bc4 {[%clk 1:30:40]}
Bc5 {[%clk 1:31:30]} 5. d3 {[%clk 1:30:17]} h6 {[%clk 1:31:38]} 6. Be3 {[%clk
1:30:15]} Bb6 {[%clk 1:31:55]} 7. O-O {[%clk 1:30:15]} d6 {[%clk 1:32:07]} 8.
h3 {[%clk 1:30:30]} O-O {[%clk 1:31:32]} 9. b3 {[%clk 1:28:37]} Be6 {[%clk
1:30:54]} 10. a3 {[%clk 1:25:42]} Bd4 {[%clk 1:30:43]} 11. Bxd4 {[%clk
1:23:57]} exd4 {[%clk 1:30:26]} 12. Ne2 {[%clk 1:23:22]} d5 {[%clk 1:29:43]}
13. exd5 {[%clk 1:21:35]} Bxd5 {[%clk 1:29:21]} 14. Bxd5 {[%clk 1:21:04]} Qxd5
{[%clk 1:29:23]} 15. Qd2 {[%clk 1:19:56]} Rfe8 {[%clk 1:28:35]} 16. Rfe1 {[%clk
1:18:27]} Rad8 {[%clk 1:27:54]} 17. Qf4 {[%clk 1:16:55]} Re7 {[%clk 1:26:15]}
18. Ng3 {[%clk 1:13:41]} Rde8 {[%clk 1:22:49]} 19. Rxe7 {[%clk 1:10:37]} Rxe7
{[%clk 1:23:00]} 20. Nf5 {[%clk 1:08:18]} Rd7 {[%clk 1:20:45]} 21. Re1 {[%clk
1:06:09]} Kf8 {[%clk 1:14:58]} 22. Nxh6 {[%clk 1:03:55]} Nh5 {[%clk 1:11:21]}
23. Qd2 {[%clk 1:01:13]} Re7 {[%clk 1:08:48]} 24. Rxe7 {[%clk 0:59:02]} Nxe7
{[%clk 1:06:53]} 25. Ng4 {[%clk 0:57:38]} Qc5 {[%clk 1:04:48]} 26. b4 {[%clk
0:54:21]} Qc3 {[%clk 1:03:39]} 27. Qxc3 {[%clk 0:51:42]} dxc3 {[%clk 1:02:34]}
28. Ne3 {[%clk 0:50:46]} Nf4 {[%clk 1:02:11]} 29. Kf1 {[%clk 0:49:07]} Ke8
{[%clk 1:01:57]} 30. Nd4 {[%clk 0:47:09]} a6 {[%clk 1:01:43]} 31. h4 {[%clk
0:45:21]} Kd7 {[%clk 1:00:50]} 32. g3 {[%clk 0:43:53]} Nfd5 {[%clk 1:00:33]}
33. Nd1 {[%clk 0:43:16]} Kd6 {[%clk 0:58:59]} 34. Ne2 {[%clk 0:40:28]} Ke5
{[%clk 0:58:53]} 35. f4+ {[%clk 0:38:31]} Kf5 {[%clk 0:58:56]} 36. Ndxc3 {[%clk
0:37:57]} Nxc3 {[%clk 0:58:39]} 37. Nxc3 {[%clk 0:38:11]} Kg4 {[%clk 0:59:07]}
38. Kg2 {[%clk 0:37:58]} Nf5 {[%clk 0:59:27]} 39. Ne4 {[%clk 0:33:55]} Ne3+
{[%clk 0:58:48]} 40. Kf2 {[%clk 0:31:59]} Nxc2 {[%clk 0:59:01]} 41. Ng5 {[%clk
0:29:41]} Nxa3 {[%clk 0:57:22]} 42. Nxf7 {[%clk 0:28:38]} Nc2 {[%clk 0:57:11]}
43. Ne5+ {[%clk 0:28:23]} Kf5 {[%clk 0:57:20]} 44. Kf3 {[%clk 0:28:26]} Nxb4
{[%clk 0:57:16]} 45. g4+ {[%clk 0:28:31]} Ke6 {[%clk 0:57:00]} 46. d4 {[%clk
0:27:50]} a5 {[%clk 0:56:41]} 47. Ke4 {[%clk 0:27:55]} a4 {[%clk 0:56:51]} 48.
f5+ {[%clk 0:26:54]} Kf6 {[%clk 0:57:04]} 49. g5+ {[%clk 0:26:01]} Ke7 {[%clk
0:57:18]} 50. Ng6+ {[%clk 0:25:09]} Kf7 {[%clk 0:57:09]} 51. Ne5+ {[%clk
0:24:30]} Kg8 {[%clk 0:56:22]} 52. f6 {[%clk 0:24:05]} a3 {[%clk 0:55:41]} 53.
f7+ {[%clk 0:23:52]} Kf8 {[%clk 0:55:58]} 54. g6 {[%clk 0:23:26]} a2 {[%clk
0:55:16]} 55. Nd7+ {[%clk 0:21:12]} Ke7 {[%clk 0:55:37]} 56. f8=Q+ {[%clk
0:20:32]} Kxd7 {[%clk 0:55:45]} 57. Qxg7+ {[%clk 0:20:07]} Kd6 {[%clk 0:55:31]}
58. Qf8+ {[%clk 0:19:57]} Kd7 {[%clk 0:55:31]} 59. Qf7+ {[%clk 0:19:06]} Kd6
{[%clk 0:55:44]} 60. Qf4+ {[%clk 0:18:01]} Kd7 {[%clk 0:55:41]} 61. Qf7+ {[%clk
0:17:50]} Kd6 {[%clk 0:55:13]} 62. Qf6+ {[%clk 0:17:35]} Kd7 {[%clk 0:55:24]}
63. Qg7+ {[%clk 0:17:17]} Kd6 {[%clk 0:55:34]} 64. Qe5+ {[%clk 0:17:19]} Kd7
{[%clk 0:55:38]} 65. d5 {[%clk 0:17:10]} Nc2 {[%clk 0:55:25]} 66. g7 {[%clk
0:16:44]} a1=Q {[%clk 0:55:44]} 67. Qxa1 {[%clk 0:16:51]} Nxa1 {[%clk 0:56:14]}
68. g8=Q {[%clk 0:17:10]} b5 {[%clk 0:56:30]} 69. h5 {[%clk 0:16:23]} b4 {[%clk
0:56:52]} 70. Qg7+ {[%clk 0:16:41]} Kd8 {[%clk 0:56:59]} 71. Qxa1 {[%clk
0:16:59]} b3 {[%clk 0:57:25]} 72. Qb2 {[%clk 0:17:04]} c5 {[%clk 0:57:33]} 73.
Qxb3 {[%clk 0:17:15]} c4 {[%clk 0:57:58]} 74. Qxc4 {[%clk 0:17:20]} Kd7 {[%clk
0:58:11]} 75. Qc6+ {[%clk 0:17:37]} Kd8 {[%clk 0:58:30]} 76. Qb7 {[%clk
0:17:49]} Ke8 {[%clk 0:58:51]} 77. Qc7 {[%clk 0:18:06]} Kf8 {[%clk 0:59:15]}
78. Qd7 {[%clk 0:18:20]} Kg8 {[%clk 0:59:39]} 79. Qe7 {[%clk 0:18:23]} Kh8
{[%clk 1:00:08]} 80. Kf5 {[%clk 0:18:27]} Kg8 {[%clk 1:00:32]} 81. Kg6 {[%clk
0:18:42]} Kh8 {[%clk 1:00:51]} 82. Qh7# {[%clk 0:19:01]} 1-0

[Event "DVM U12 2018"]
[Site "Magdeburg GER"]
[Date "2018.12.29"]
[Round "6"]
[White "Hommer, Jeremy"]
[Black "Kageler, Anton Paul"]
[Result "1/2-1/2"]
[Termination "normal"]
[Board "5.1"]
[WhiteElo "1965"]
[BlackElo "1480"]
[WhiteClock "00:40:27"]
[BlackClock "00:24:10"]
[WhiteTeam "SC Turm Lüneburg"]
[BlackTeam "SV Roter Turm Halle"]
[PlyCount "115"]
[WhiteFideId "12992577"]
[BlackFideId "16244850"]
[EventCountry "GER"]
[EventRounds "7"]
[EventType "team-swiss"]
[EventDate "2018.12.26"]

1. c4 {[%clk 1:30:59]} e5 {[%clk 1:30:55]} 2. Nc3 {[%clk 1:31:25]} Nf6 {[%clk
1:31:10]} 3. d3 {[%clk 1:31:25]} Bc5 {[%clk 1:31:12]} 4. Nf3 {[%clk 1:30:08]}
d6 {[%clk 1:31:02]} 5. d4 {[%clk 1:30:09]} exd4 {[%clk 1:30:56]} 6. Nxd4 {[%clk
1:30:30]} O-O {[%clk 1:30:17]} 7. Bg5 {[%clk 1:29:52]} Nbd7 {[%clk 1:25:43]} 8.
Nd5 {[%clk 1:28:54]} h6 {[%clk 1:24:32]} 9. Nxf6+ {[%clk 1:23:46]} Nxf6 {[%clk
1:24:42]} 10. Be3 {[%clk 1:22:09]} Ne4 {[%clk 1:08:53]} 11. a3 {[%clk 1:18:28]}
f5 {[%clk 0:55:54]} 12. g3 {[%clk 1:15:12]} Bxd4 {[%clk 0:48:42]} 13. Qxd4
{[%clk 1:12:11]} Be6 {[%clk 0:47:32]} 14. Bg2 {[%clk 1:07:31]} Qf6 {[%clk
0:43:14]} 15. Qd3 {[%clk 1:02:55]} Qg6 {[%clk 0:34:04]} 16. Bxe4 {[%clk
0:58:53]} fxe4 {[%clk 0:34:11]} 17. Qd4 {[%clk 0:57:40]} b6 {[%clk 0:31:08]}
18. O-O {[%clk 0:52:02]} Rad8 {[%clk 0:29:03]} 19. Qc3 {[%clk 0:48:34]} c5
{[%clk 0:26:19]} 20. b4 {[%clk 0:46:28]} Rd7 {[%clk 0:24:59]} 21. Rad1 {[%clk
0:44:13]} Qf7 {[%clk 0:21:54]} 22. Qc2 {[%clk 0:42:21]} Bxc4 {[%clk 0:20:35]}
23. Rd2 {[%clk 0:41:42]} cxb4 {[%clk 0:19:49]} 24. axb4 {[%clk 0:41:00]} d5
{[%clk 0:20:19]} 25. Rd4 {[%clk 0:39:06]} Qe7 {[%clk 0:17:49]} 26. Qb2 {[%clk
0:32:20]} Ra8 {[%clk 0:16:42]} 27. Ra1 {[%clk 0:30:53]} b5 {[%clk 0:14:43]} 28.
f3 {[%clk 0:30:10]} exf3 {[%clk 0:13:22]} 29. Bxh6 {[%clk 0:24:26]} gxh6 {[%clk
0:09:40]} 30. Rg4+ {[%clk 0:24:47]} Kh7 {[%clk 0:06:43]} 31. Qc2+ {[%clk
0:24:08]} Kh8 {[%clk 0:07:01]} 32. Ra6 {[%clk 0:23:08]} Rd6 {[%clk 0:04:24]}
33. Rxd6 {[%clk 0:22:55]} Qxd6 {[%clk 0:04:43]} 34. Qb2+ {[%clk 0:23:20]} d4
{[%clk 0:04:26]} 35. e3 {[%clk 0:23:22]} Qf6 {[%clk 0:04:18]} 36. Kf2 {[%clk
0:23:13]} Re8 {[%clk 0:04:10]} 37. e4 {[%clk 0:22:53]} Rg8 {[%clk 0:02:51]} 38.
Rf4 {[%clk 0:21:50]} Qe5 {[%clk 0:02:14]} 39. Kxf3 {[%clk 0:21:38]} Re8 {[%clk
0:02:11]} 40. h4 {[%clk 0:21:11]} d3 {[%clk 0:01:49]} 41. Qd2 {[%clk 0:20:47]}
Qe7 {[%clk 0:01:11]} 42. h5 {[%clk 0:20:38]} Rf8 {[%clk 0:29:28]} 43. Qb2+
{[%clk 0:50:47]} Kg8 {[%clk 0:29:33]} 44. Qg2 {[%clk 0:48:47]} Rxf4+ {[%clk
0:29:18]} 45. gxf4+ {[%clk 0:49:06]} Qg7 {[%clk 0:29:36]} 46. Qh3 {[%clk
0:48:46]} Qf7 {[%clk 0:26:21]} 47. Qg4+ {[%clk 0:48:41]} Kf8 {[%clk 0:26:18]}
48. Qc8+ {[%clk 0:48:51]} Qe8 {[%clk 0:25:39]} 49. Qc5+ {[%clk 0:48:20]} Qe7
{[%clk 0:25:55]} 50. Qf5+ {[%clk 0:47:12]} Qf7 {[%clk 0:26:11]} 51. Qc5+ {[%clk
0:42:32]} Qe7 {[%clk 0:26:32]} 52. Qd4 {[%clk 0:42:33]} Qf7 {[%clk 0:26:24]}
53. Qh8+ {[%clk 0:42:44]} Ke7 {[%clk 0:25:54]} 54. Qxh6 {[%clk 0:40:04]} d2
{[%clk 0:25:18]} 55. Qg5+ {[%clk 0:39:50]} Kf8 {[%clk 0:23:37]} 56. Qd8+ {[%clk
0:40:05]} Qe8 {[%clk 0:23:45]} 57. Qxd2 {[%clk 0:40:27]} Qxh5+ {[%clk 0:24:10]}
58. Ke3 1/2-1/2

[Event "DVM U12 2018"]
[Site "Magdeburg GER"]
[Date "2018.12.29"]
[Round "6"]
[White "Derling, Charlotte"]
[Black "Bildat, Emilia"]
[Result "0-1"]
[Termination "normal"]
[Board "5.2"]
[WhiteElo "1399"]
[BlackElo "1634"]
[WhiteClock "00:09:56"]
[BlackClock "00:39:17"]
[WhiteTeam "SV Roter Turm Halle"]
[BlackTeam "SC Turm Lüneburg"]
[PlyCount "106"]
[WhiteFideId "16222237"]
[BlackFideId "16218140"]
[EventCountry "GER"]
[EventRounds "7"]
[EventType "team-swiss"]
[EventDate "2018.12.26"]

1. e4 c5 2. Nf3 g6 3. d4 cxd4 4. Nxd4 Bg7 5. Be3 Nc6 6. Nc3 Nf6 7. Bc4 O-O 8.
O-O d6 9. h3 Nxe4 10. Nxe4 d5 11. Nxc6 bxc6 12. Bxd5 cxd5 13. Nc3 d4 14. Bxd4
Qxd4 15. Qxd4 Bxd4 16. Rfe1 Bxc3 17. bxc3 Be6 18. a3 Rfc8 19. Re3 Rc5 20. a4
Rac8 21. Ra3 a5 22. Kf1 Kf8 23. Ke1 Rc4 24. Ke2 Bd7 25. Re5 R8c5 26. Rxc5 Rxc5
27. h4 e5 28. Kd3 Be6 29. g3 f5 30. Ke3 Rc6 31. Kf3 Rb6 32. Ke3 Rb2 33. Kd3 e4+
34. Kd2 Ra2 35. Rxa2 Bxa2 36. Ke3 Bd5 37. Kd4 Bc6 38. Kc5 Bxa4 39. Kb6 Bxc2 40.
Kxa5 Bb3 41. Kb4 Be6 42. Kc5 Kg7 43. Kd6 Ba2 44. Ke5 Kh6 45. Kf6 Kh5 46. Kg7 f4
47. gxf4 Kxh4 48. Kxh7 Kg4 49. Kxg6 Kxf4 50. Kf6 Bd5 51. Kg6 Kf3 52. Kf5 Kxf2
53. c4 Ba8 0-1

[Event "DVM U12 2018"]
[Site "Magdeburg GER"]
[Date "2018.12.29"]
[Round "6"]
[White "Helms, Finn"]
[Black "Adelmeyer, Nelly"]
[Result "1-0"]
[Termination "normal"]
[Board "5.3"]
[WhiteElo "1618"]
[BlackElo "1475"]
[WhiteClock "00:28:27"]
[BlackClock "01:26:22"]
[WhiteTeam "SC Turm Lüneburg"]
[BlackTeam "SV Roter Turm Halle"]
[PlyCount "85"]
[WhiteFideId "16249143"]
[BlackFideId "16203577"]
[EventCountry "GER"]
[EventRounds "7"]
[EventType "team-swiss"]
[EventDate "2018.12.26"]

1. c4 e5 2. Nc3 Nf6 3. g3 d5 4. cxd5 Nxd5 5. Bg2 Be6 6. Nf3 Nc6 7. O-O Bc5 8.
a3 O-O 9. b4 Bd4 10. Qc2 f6 11. e3 Bxc3 12. dxc3 Qd7 13. Rd1 Qf7 14. Nd2 Nde7
15. c4 Rad8 16. Bb2 b6 17. Rac1 Bf5 18. Qa4 Rd6 19. c5 Re6 20. cxb6 e4 21. b5
Ne5 22. Bxe5 Rxe5 23. bxa7 Ra8 24. Rxc7 Qe8 25. Nxe4 Nd5 26. Qc4 Bxe4 27. Bxe4
Rxe4 28. Qxd5+ Kh8 29. Qd7 Qf8 30. b6 Ree8 31. Qf7 Qxf7 32. Rxf7 Rg8 33. b7
Rxa7 34. b8=Q Rxf7 35. Rd8 h6 36. Rxg8+ Kh7 37. Rh8+ Kg6 38. Qf4 f5 39. e4 Rf6
40. e5 Re6 41. h4 Re7 42. h5+ Kxh5 43. Qxf5+ 1-0

[Event "DVM U12 2018"]
[Site "Magdeburg GER"]
[Date "2018.12.29"]
[Round "6"]
[White "Laux, Dominik"]
[Black "Kraftsik, Christian"]
[Result "1-0"]
[Termination "normal"]
[Board "6.1"]
[WhiteElo "2058"]
[BlackElo "1771"]
[WhiteTeam "VSG 1880 Offenbach"]
[BlackTeam "SC Vaterstetten"]
[PlyCount "87"]
[WhiteFideId "12994219"]
[BlackFideId "16242548"]
[EventCountry "GER"]
[EventRounds "7"]
[EventType "team-swiss"]
[EventDate "2018.12.26"]

1. d4 Nf6 2. Bg5 g6 3. Bxf6 exf6 4. g3 Bg7 5. Bg2 f5 6. e3 O-O 7. Ne2 d6 8. O-O
c6 9. c4 Nd7 10. Nbc3 Nf6 11. b4 Rb8 12. Qa4 Bd7 13. c5 dxc5 14. bxc5 a6 15.
Rab1 Re8 16. Rb6 Ne4 17. Rfb1 Bc8 18. Qc2 Qe7 19. Nxe4 fxe4 20. Rxc6 Bg4 21.
Rcb6 Bf3 22. Nc3 Qf8 23. Rxb7 Rxb7 24. Rxb7 Rb8 25. Rxb8 Qxb8 26. Nxe4 Bxe4 27.
Bxe4 Qc7 28. d5 Bf8 29. d6 Qc8 30. Bd3 a5 31. Qc4 a4 32. Qb5 a3 33. Bc4 Qd8 34.
Qa6 Qb8 35. Qxa3 Qb1+ 36. Bf1 Qb7 37. Qa5 Qd5 38. Qa7 Bxd6 39. cxd6 Qxd6 40. a4
Qc6 41. a5 Kg7 42. a6 Qc8 43. Qb7 Qe8 44. a7 1-0

[Event "DVM U12 2018"]
[Site "Magdeburg GER"]
[Date "2018.12.29"]
[Round "6"]
[White "Lerchl, Clemens"]
[Black "Werner, Rosalie"]
[Result "0-1"]
[Termination "normal"]
[Board "6.2"]
[WhiteElo "1625"]
[BlackElo "1572"]
[WhiteTeam "SC Vaterstetten"]
[BlackTeam "VSG 1880 Offenbach"]
[PlyCount "58"]
[WhiteFideId "16226372"]
[BlackFideId "16223748"]
[EventCountry "GER"]
[EventRounds "7"]
[EventType "team-swiss"]
[EventDate "2018.12.26"]

1. e4 e6 2. d4 d5 3. exd5 exd5 4. c4 Nf6 5. Nc3 Be7 6. Bd3 dxc4 7. Bxc4 Nbd7 8.
Nge2 Nb6 9. Bb3 c6 10. O-O Bf5 11. Ng3 Bg6 12. f4 h6 13. f5 Bh7 14. Nce4 Nbd5
15. Qe2 O-O 16. Nc5 Qb6 17. Qf2 Rad8 18. Bd2 Ng4 19. Qf3 Bxc5 20. Qxg4 Bxd4+
21. Kh1 Nf6 22. Qf4 Bxb2 23. Rab1 Qd4 24. Ba5 b6 25. Bb4 c5 26. Qxd4 Bxd4 27.
Ba3 Rfe8 28. Rbd1 h5 29. Bc1 h4 0-1

[Event "DVM U12 2018"]
[Site "Magdeburg GER"]
[Date "2018.12.29"]
[Round "6"]
[White "Dixon, Laura Michaela"]
[Black "Karpen, Jakob"]
[Result "1/2-1/2"]
[Termination "normal"]
[Board "6.3"]
[WhiteElo "1481"]
[BlackElo "1336"]
[WhiteTeam "VSG 1880 Offenbach"]
[BlackTeam "SC Vaterstetten"]
[PlyCount "124"]
[WhiteFideId "16248708"]
[BlackFideId "16255453"]
[EventCountry "GER"]
[EventRounds "7"]
[EventType "team-swiss"]
[EventDate "2018.12.26"]

1. e4 e5 2. Nf3 Nc6 3. Bc4 Bc5 4. c3 Nf6 5. d4 exd4 6. e5 d5 7. Bb5 Ne4 8. cxd4
Bb6 9. Bxc6+ bxc6 10. O-O O-O 11. Nc3 Bb7 12. Re1 c5 13. Be3 Qe7 14. dxc5 Bxc5
15. Nxd5 Bxd5 16. Qxd5 Bxe3 17. Rxe3 Ng5 18. Nxg5 Qxg5 19. Rc1 Rad8 20. Qa5 Rd3
21. Rce1 Rxe3 22. Rxe3 Rd8 23. Qe1 Re8 24. g3 Qg6 25. Kg2 Qc6+ 26. Kg1 Qd5 27.
b3 Kf8 28. Re2 g6 29. h3 h5 30. f4 Qd4+ 31. Qf2 Qd1+ 32. Re1 Qd7 33. Kg2 Qc6+
34. Qf3 Qc2+ 35. Re2 Qf5 36. g4 hxg4 37. hxg4 Qd7 38. f5 gxf5 39. gxf5 Qd4 40.
e6 Qg7+ 41. Kf2 Qd4+ 42. Kg3 Qg7+ 43. Qg4 Qc3+ 44. Kh4 Qh8+ 45. Qh5 Qd4+ 46.
Qg4 Qh8+ 47. Kg3 Qc3+ 48. Qf3 Qg7+ 49. Kf2 Qd4+ 50. Re3 Qd2+ 51. Qe2 Qxe2+ 52.
Kxe2 fxe6 53. fxe6 Ke7 54. Kd3 Kd6 55. Kd4 Rxe6 56. Rxe6+ Kxe6 57. Kc5 Kd7 58.
b4 a6 59. a4 Kc8 60. Kc6 Kb8 61. a5 Kc8 62. Kc5 Kb7 1/2-1/2

[Event "DVM U12 2018"]
[Site "Magdeburg GER"]
[Date "2018.12.29"]
[Round "6"]
[White "Lerchl, Justus"]
[Black "Hentschker, Josefin"]
[Result "0-1"]
[Termination "normal"]
[Board "6.4"]
[WhiteElo "1500"]
[BlackElo "1216"]
[WhiteTeam "SC Vaterstetten"]
[BlackTeam "VSG 1880 Offenbach"]
[PlyCount "74"]
[WhiteFideId "16240677"]
[BlackFideId "16255810"]
[EventCountry "GER"]
[EventRounds "7"]
[EventType "team-swiss"]
[EventDate "2018.12.26"]

1. e4 e5 2. Nf3 Nc6 3. Bc4 Bc5 4. c3 Nf6 5. d3 h6 6. O-O d6 7. Re1 Bg4 8. Nbd2
O-O 9. Nf1 Qd7 10. h3 Be6 11. Bb3 Rfe8 12. Ng3 Bb6 13. Nh4 Qd8 14. Qf3 Nh7 15.
Ngf5 Qf6 16. Qg3 Kh8 17. Rf1 Ne7 18. Bxe6 Nxf5 19. Bxf5 Rg8 20. Kh1 c6 21. f4
exf4 22. Rxf4 g5 23. Rf1 gxh4 24. Qf3 Ng5 25. Qh5 Qg7 26. Rf4 Rge8 27. Rg4 f6
28. Bxg5 fxg5 29. Rxg5 Qxg5 30. Qf7 Qg7 31. Qh5 Rg8 32. Bg4 Qg5 33. Qf7 Raf8
34. Qxb7 h5 35. Bf3 Rxf3 36. Rg1 Rxh3+ 37. gxh3 Qxg1# 0-1

[Event "DVM U12 2018"]
[Site "Magdeburg GER"]
[Date "2018.12.29"]
[Round "6"]
[White "Lenz, Joshua"]
[Black "Haschemi, Said Habieb"]
[Result "0-1"]
[Termination "normal"]
[Board "7.1"]
[WhiteElo "1580"]
[BlackElo "1571"]
[WhiteTeam "SV Turm Lahnstein"]
[BlackTeam "SG 1882 Fürth"]
[PlyCount "124"]
[WhiteFideId "16256956"]
[BlackFideId "16275110"]
[EventCountry "GER"]
[EventRounds "7"]
[EventType "team-swiss"]
[EventDate "2018.12.26"]

1. e4 c5 2. c3 e6 3. d4 cxd4 4. cxd4 d5 5. e5 Nc6 6. f4 Qb6 7. Nf3 Nge7 8. b3
Nf5 9. Bb2 Bb4+ 10. Kf2 Ncxd4 11. Nxd4 Bc5 12. Bb5+ Qxb5 13. Na3 Qb6 14. Nac2
O-O 15. g4 Nxd4 16. Nxd4 f6 17. Kg2 fxe5 18. fxe5 Rf4 19. Nc2 Be7 20. Rf1 Rxf1
21. Qxf1 Bd7 22. Qf4 Rf8 23. Qg3 Bc5 24. Rf1 Bc6 25. Rxf8+ Kxf8 26. Qf4+ Kg8
27. Bd4 h6 28. Bxc5 Qxc5 29. Nd4 Bd7 30. h4 Qa5 31. a4 Qd8 32. g5 hxg5 33. hxg5
Qf8 34. Qg4 Qb8 35. Qg3 Qc7 36. g6 Qc1 37. Qf2 Qg5+ 38. Qg3 Qxg3+ 39. Kxg3 Kf8
40. Kf4 Ke7 41. Nf3 Be8 42. Nh4 Kd7 43. Ke3 Kc6 44. Kd4 b5 45. a5 b4 46. Ke3
Kb5 47. Kd4 a6 48. Ng2 Bxg6 49. Nf4 Bf7 50. Nd3 g5 51. Nf2 Bg6 52. Ng4 Bf5 53.
Ne3 Kc6 54. Nxf5 exf5 55. Ke3 Kd7 56. Kd3 Ke6 57. Kd4 g4 58. Kc5 g3 59. Kxb4 g2
60. Kc5 g1=Q+ 61. Kc6 Qf1 62. b4 Qb5+ 0-1

[Event "DVM U12 2018"]
[Site "Magdeburg GER"]
[Date "2018.12.29"]
[Round "6"]
[White "Gewondow, Narek"]
[Black "Meuer, David"]
[Result "1/2-1/2"]
[Termination "normal"]
[Board "7.2"]
[WhiteElo "1358"]
[BlackElo "1618"]
[WhiteTeam "SG 1882 Fürth"]
[BlackTeam "SV Turm Lahnstein"]
[PlyCount "84"]
[WhiteFideId "16275128"]
[BlackFideId "16262964"]
[EventCountry "GER"]
[EventRounds "7"]
[EventType "team-swiss"]
[EventDate "2018.12.26"]

1. e4 e6 2. d4 d5 3. e5 c5 4. c3 Nc6 5. Nf3 Qb6 6. Bd3 cxd4 7. cxd4 Nb4 8. a3
Nxd3+ 9. Qxd3 Bd7 10. Nc3 Ne7 11. O-O Nf5 12. Re1 Be7 13. h3 O-O 14. Rb1 Rac8
15. Bf4 Rc4 16. Red1 Rfc8 17. Qd2 Qa5 18. Rbc1 a6 19. Ra1 Qb6 20. Rac1 Qa5 21.
Ra1 b5 22. b4 Qb6 23. Rac1 a5 24. Na2 axb4 25. axb4 Qa7 26. g4 Nh4 27. Nxh4
Bxh4 28. g5 Qa3 29. Be3 Bxg5 30. Bxg5 Qxh3 31. Qe3 Qf5 32. Bh4 Qg4+ 33. Bg3 Rc2
34. Qa3 h6 35. Re1 Qxd4 36. Rxc2 Rxc2 37. Qa8+ Rc8 38. Qb7 Qd2 39. Rf1 Qxa2 40.
Qxd7 Qc4 41. Bf4 Ra8 42. Qb7 Rc8 1/2-1/2

[Event "DVM U12 2018"]
[Site "Magdeburg GER"]
[Date "2018.12.29"]
[Round "6"]
[White "Werling, Lasse"]
[Black "Levitskii, Philipp"]
[Result "0-1"]
[Termination "normal"]
[Board "7.3"]
[WhiteElo "1180"]
[BlackElo "1267"]
[WhiteTeam "SV Turm Lahnstein"]
[BlackTeam "SG 1882 Fürth"]
[PlyCount "50"]
[WhiteFideId "16275080"]
[BlackFideId "16275136"]
[EventCountry "GER"]
[EventRounds "7"]
[EventType "team-swiss"]
[EventDate "2018.12.26"]

1. e4 e5 2. Nf3 Nc6 3. Nc3 Nf6 4. Bc4 Bb4 5. d3 d6 6. O-O Bg4 7. Bg5 h6 8. Bh4
g5 9. Bg3 Qd7 10. a3 Bc5 11. Nd5 Nxd5 12. Bxd5 Nd4 13. Bxb7 Rb8 14. b4 Bb6 15.
Bd5 Nxf3+ 16. gxf3 Bh3 17. Re1 h5 18. a4 h4 19. b5 Ke7 20. Qd2 f6 21. a5 hxg3
22. axb6 gxh2+ 23. Kh1 Bg2+ 24. Kxg2 Qh3+ 25. Kh1 Qxf3# 0-1

[Event "DVM U12 2018"]
[Site "Magdeburg GER"]
[Date "2018.12.29"]
[Round "6"]
[White "Funk, Benno"]
[Black "Samtleben, Christian"]
[Result "1-0"]
[Termination "normal"]
[Board "7.4"]
[WhiteElo "1145"]
[BlackElo "1141"]
[WhiteTeam "SG 1882 Fürth"]
[BlackTeam "SV Turm Lahnstein"]
[PlyCount "57"]
[WhiteFideId "16275144"]
[BlackFideId "16275098"]
[EventCountry "GER"]
[EventRounds "7"]
[EventType "team-swiss"]
[EventDate "2018.12.26"]

1. c4 e5 2. Nc3 d6 3. g3 Nf6 4. Bg2 c6 5. Qb3 Qc7 6. d3 Be6 7. Bg5 Nbd7 8. Ne4
Be7 9. Nxf6+ Bxf6 10. Be3 O-O 11. Rc1 Rfe8 12. Nf3 d5 13. cxd5 Bxd5 14. Qxd5
cxd5 15. Rxc7 Nb6 16. Rxb7 Nc8 17. O-O e4 18. dxe4 dxe4 19. Nd2 Nd6 20. Rd7 Re6
21. Bh3 Re7 22. Rxd6 Bxb2 23. Rd7 Ree8 24. Rxa7 Rab8 25. Rb1 h6 26. Nc4 Be5 27.
Rxb8 Bxb8 28. Ra8 Rc8 29. Bxc8 1-0

[Event "DVM U12 2018"]
[Site "Magdeburg GER"]
[Date "2018.12.29"]
[Round "6"]
[White "Buschmann, Mark"]
[Black "Andrei, Quentin"]
[Result "0-1"]
[Termination "normal"]
[Board "8.1"]
[WhiteElo "1351"]
[BlackElo "1219"]
[WhiteTeam "Muldental Wilkau-Haßlau"]
[BlackTeam "SK Bebenhausen"]
[PlyCount "74"]
[WhiteFideId "16275217"]
[BlackFideId "16255712"]
[EventCountry "GER"]
[EventRounds "7"]
[EventType "team-swiss"]
[EventDate "2018.12.26"]

1. e4 e6 2. d4 d5 3. e5 c5 4. Nf3 cxd4 5. Nxd4 Nc6 6. Nxc6 bxc6 7. Be3 f6 8.
exf6 Nxf6 9. Nc3 Bd6 10. Be2 O-O 11. O-O Qc7 12. h3 Bd7 13. Qd3 a5 14. Rfe1 Be8
15. b3 Bg6 16. Qd2 Qe7 17. Bg5 h6 18. Bh4 Bh7 19. Bg4 e5 20. Bf3 d4 21. Nd5
cxd5 22. Bxd5+ Kh8 23. Bxa8 Rxa8 24. Bxf6 Qxf6 25. Re2 Bb4 26. Qd1 Rc8 27. Rc1
Qf5 28. g4 Qf6 29. Kg2 Rf8 30. Qf1 Qf3+ 31. Kg1 Be4 32. Kh2 Bb7 33. Rd1 Ba6 34.
Re3 Qf4+ 35. Kg1 Bxf1 36. Kxf1 dxe3 37. Rd3 Qxf2# 0-1

[Event "DVM U12 2018"]
[Site "Magdeburg GER"]
[Date "2018.12.29"]
[Round "6"]
[White "Weide, Julian"]
[Black "Helmer, Teo"]
[Result "1-0"]
[Termination "normal"]
[Board "8.2"]
[WhiteElo "1301"]
[BlackElo "1323"]
[WhiteTeam "SK Bebenhausen"]
[BlackTeam "Muldental Wilkau-Haßlau"]
[PlyCount "75"]
[WhiteFideId "16275209"]
[BlackFideId "16275225"]
[EventCountry "GER"]
[EventRounds "7"]
[EventType "team-swiss"]
[EventDate "2018.12.26"]

1. e4 e5 2. Nf3 Nc6 3. d4 exd4 4. Nxd4 Nxd4 5. Qxd4 d6 6. Nc3 Nf6 7. Bg5 Be7 8.
Bc4 O-O 9. O-O-O Be6 10. h4 h6 11. Bf4 Qd7 12. f3 Rfb8 13. Bxe6 Qxe6 14. Nd5
Nxd5 15. exd5 Qd7 16. g4 a5 17. Rdg1 a4 18. a3 Bf6 19. Qd3 Ra5 20. g5 hxg5 21.
hxg5 Be5 22. Bxe5 dxe5 23. Qh7+ Kf8 24. Qh8+ Ke7 25. Qxb8 Rc5 26. Qxb7 Qf5 27.
d6+ Kd7 28. Qe4 Qe6 29. dxc7 f5 30. c8=Q+ Kxc8 31. Rh8+ Kc7 32. Qe3 Qb6 33. Qd2
Qe6 34. Qd8+ Kb7 35. Qb8+ Ka6 36. Qa8+ Kb5 37. Qe8+ Qxe8 38. Rxe8 1-0

[Event "DVM U12 2018"]
[Site "Magdeburg GER"]
[Date "2018.12.29"]
[Round "6"]
[White "Wagner, Ben"]
[Black "Logothetis, Feodor Konstantin"]
[Result "0-1"]
[Termination "normal"]
[Board "8.3"]
[WhiteElo "1194"]
[BlackElo "1140"]
[WhiteTeam "Muldental Wilkau-Haßlau"]
[BlackTeam "SK Bebenhausen"]
[PlyCount "76"]
[WhiteFideId "16262298"]
[BlackFideId "16263464"]
[EventCountry "GER"]
[EventRounds "7"]
[EventType "team-swiss"]
[EventDate "2018.12.26"]

1. e4 c5 2. d4 cxd4 3. c3 Nf6 4. f3 Nc6 5. cxd4 d6 6. Be3 g6 7. Nc3 Bg7 8. Qd2
Bd7 9. Bd3 Nb4 10. Nge2 a6 11. a3 Nxd3+ 12. Qxd3 Qa5 13. b4 Qd8 14. O-O O-O 15.
Qd2 Bc6 16. Bh6 d5 17. e5 Nd7 18. Bxg7 Kxg7 19. Rac1 Bb5 20. a4 Bc4 21. a5 b6
22. Ra1 bxa5 23. bxa5 Qc7 24. Rfe1 Qa7 25. Reb1 Nxe5 26. Kf1 Nc6 27. Ke1 Rab8
28. Kf2 e5 29. Rxb8 Qxb8 30. dxe5 Qxe5 31. Qf4 Bxe2 32. Nxe2 Qxa1 33. Qd6 Qe5
34. Qxc6 Rb8 35. Qxa6 Rb2 36. Qc6 Rxe2+ 37. Kg1 Qa1+ 38. Qc1 Qxc1# 0-1